000 00557nmm a2200193Ia 4500
008 251105s9999||||xx |||||||||||||||||und||
020 _a8485041615
041 _aspa
100 _aBango Torviso, Isidro
245 0 _aBosch : realidad, símbolo y fantasía
264 _a[Madrid, España] :
_bSílex Ediciones,
_c1982
300 _a240 páginas
490 _a--Sin colección
650 _aArts in general
700 _aBango Torviso, Isidro
700 1 _a Marias, Fernando
856 _uhttps://public.digitaliapublishing.com/a/9153
942 _cCF
999 _c62451
_d62451